Normal view
MARC view
- Weinberg, Gerald.M
Entry Personal Name
001 - CONTROL NUMBER
- control field: 60328
003 - CONTROL NUMBER IDENTIFIER
- control field: NUST
005 - DATE AND TIME OF LATEST TRANSACTION
- control field: 20210628202525.0
008 - FIXED-LENGTH DATA ELEMENTS
- fixed length control field: 210628|| aca||aabn | a|a d
040 ## - CATALOGING SOURCE
- Original cataloging agency: NUST
- Transcribing agency: NUST
100 ## - HEADING--PERSONAL NAME
- Personal name: Weinberg, Gerald.M
670 ## - SOURCE DATA FOUND
- Source citation: Work cat.: (NUST): Weinberg, Gerald.M, Rethinking systems analysis and design, 1988
